Troppo presto (Record no. 157942)

MARC details
000 -LEADER
campo de control de longitud fija 00943nam a22002055i 4500
001 - NÚMERO DE CONTROL
campo de control 157942
003 - IDENTIFICADOR DE NÚMERO DE CONTROL
campo de control ES-MaACL
005 - FECHA Y HORA DE LA ÚLTIMA TRANSACCIÓN
campo de control 20250902063109.0
008 - DATOS DE LONGITUD FIJA--INFORMACIÓN GENERAL
campo de control de longitud fija 040820s1888 it |||| | ita d
040 ## - FUENTE DE CATALOGACIÓN
Centro catalogador/agencia de origen CAM
Lengua de catalogación spa
Centro/agencia transcriptor CAM
100 1# - ENTRADA PRINCIPAL--NOMBRE DE PERSONA
Nombre de persona Lombroso, Cesare,
Fechas asociadas al nombre 1835-1909
9 (RLIN) 242173
245 10 - MENCIÓN DEL TÍTULO
Título Troppo presto
Resto del título : apunti al nuevo progetto di codice penale /
Mención de responsabilidad, etc. Cesare Lombroso; con appendici di A. Berenini Sul duello, X. ed Y. Sulla retroattività delle sentenze passate in giudicato e Sulle pene, ecc., V. Rossi Sul regionalismo in Italia.
260 ## - PUBLICACIÓN, DISTRIBUCIÓN, ETC.
Lugar de publicación, distribución, etc. Torino [etc.] :
Nombre del editor, distribuidor, etc. Fratelli Bocca,
Fecha de publicación, distribución, etc. 1888 (
Fabricante Tip. e Lit. Camilla e Bertolero)
300 ## - DESCRIPCIÓN FÍSICA
Extensión 96 p., [1] h. pleg. ;
Dimensiones 26 cm.
650 #7 - PUNTO DE ACCESO ADICIONAL DE MATERIA--TÉRMINO DE MATERIA
Término de materia o nombre geográfico como elemento de entrada Derecho penal-
Subdivisión geográfica Italia
Fuente del encabezamiento o término
9 (RLIN) 155394
700 11 - ENTRADA AGREGADA--NOMBRE PERSONAL
Nombre de persona Rossi, Virgilio.
9 (RLIN) 132082
700 11 - ENTRADA AGREGADA--NOMBRE PERSONAL
Nombre de persona Berenini, A.
9 (RLIN) 125929
852 ## - LOCALIZACIÓN
Ubicación ES-MaACL
Número de control de estantería T-1089-F-6
Nota libre -- Enc. hol. conservando la cub. original
-- -- Enc. en un vol. facticio
Holdings
Estatus retirado Estado de pérdida Estado de daño No para préstamo Colección Biblioteca de origen Biblioteca actual Ubicación en estantería Fecha de adquisición Total de préstamos Signatura topográfica completa Código de barras Visto por última vez Precio de reemplazo Tipo de ítem Koha
        Colección de folletos Biblioteca del Ateneo de Madrid Biblioteca del Ateneo de Madrid Depósito folletos 17/01/2008   T-1089-F-6 1165297 23/02/2023 23/02/2023 Folleto